000 00713nam a2200217 i 4500
001 141675
003 ES-MaACL
005 20260129170031.0
007 t|
008 070926s1956 sp 00110 spa d
100 1 _aVossler, Karl.
_9115749
245 1 0 _aRomania y Germania /
_cKarl Vossler ; traducción y estudio preliminar de José Luis Varela.
260 _aMadrid :
_bRialp,
_c1956.
300 _a221 p. ;
_c19 cm.
490 1 _aBiblioteca del pensamiento actual ;
_v58
650 0 0 _aLiteratura románica-
_xHistoria y crítica.
_914662
700 1 _aVarela, José Luis.
_9113137
830 1 _aBiblioteca del pensamiento actual
_v58
_9181187
852 _aES-MaACL
_jC-10530
999 _c141675
_d141675